Business and economics research journal

Bibliographic Details
Format: Electronic Journal
Language:English
Turkish
Published: Bursa : Business and Economics Research Journal
Subjects:
Online Access:Full text available from Research Library: 01/01/2010 to present

MARC

LEADER 00000nas a2200000 a 4500
001 ssj0000401981
003 WaSeSS
005 20200512172242.0
006 m d
007 cr n
008 100503c20109999tu uu p s 0 0eng c
010 |a  2011222037 
035 |a (WaSeSS)ssj0000401981 
040 |a HUA  |b eng  |c HUA  |d CLU  |d OCLCQ  |d OCLCF  |d OCLCO  |d OCLCQ  |d AU@  |d WaSeSS 
041 0 |a tur  |a eng 
042 |a pcc 
050 1 4 |a HF5001 
082 0 4 |a 650  |b B97 E1 
245 0 0 |a Business and economics research journal  |h [electronic resource]. 
246 1 |a BER 
246 1 |a Işletme ve ekonomi araştirqmalari dergisi 
260 |a Bursa :  |b Business and Economics Research Journal 
310 |a Four times a year 
362 1 |a Began with v. 1, no. 1 (2010). 
506 |a License restrictions may limit access. 
546 |a In Turkish and English. 
588 |a Description based on: Vol. 1, no. 1 (2010); title from journal home page (publisher's Web site, viewed Apr. 19, 2010). 
588 |a Latest issue consulted: Vol. 2, no. 1 (2011) (viewed Feb. 01, 2011). 
650 0 |a Business  |v Periodicals. 
650 0 |a Economics  |v Periodicals. 
650 7 |a Business.  |2 fast  |0 (OCoLC)fst00842262 
650 7 |a Economics.  |2 fast  |0 (OCoLC)fst00902116 
655 0 |a Electronic journals. 
856 4 0 |z Full text available from Research Library: 01/01/2010 to present  |u https://search.proquest.com/publication/216138